Royal vendetta: the crown of Spain, 1829-1965.

Bibliographic Details
Main Author: Aronson, Theo
Format: Book
Language:English
Published: London : Oldbourne, [1966]
Subjects:

MARC

Tag First Indicator Second Indicator Subfields
LEADER 00000cam a2200000 4500
001 in00000307368
005 20151010143809.0
008 790530s1966 enkcf b 00000 eng d
035 |a (OCoLC)05016894 
035 |9 ABH5792AM 
040 |a TXA  |c TXA  |d UtOrBLW 
049 |a TXAM  |c [705547] 
090 |a DP59  |b .A8 1966a 
100 1 |a Aronson, Theo. 
245 1 0 |a Royal vendetta: the crown of Spain, 1829-1965. 
264 1 |a London :  |b Oldbourne,  |c [1966] 
264 4 |c [©1966] 
300 |a viii, 246 pages :  |b 16 plates (including portraits) 
336 |a text  |b txt  |2 rdacontent 
337 |a unmediated  |b n  |2 rdamedia 
338 |a volume  |b nc  |2 rdacarrier 
500 |a Diagrs. on endpapers. 
504 |a Bibliography: pages 227-233. 
600 3 0 |a Bourbon, House of. 
651 0 |a Spain  |x Kings and rulers. 
651 0 |a Spain  |x History  |y 19th century. 
651 0 |a Spain  |x History  |y 20th century. 
999 |a MARS 
999 f f |s 595cd348-2196-3e2c-a3ca-1f90dcdeb80d  |i 0fca05f1-4d9b-3370-9105-acfcafb08b33  |t 0 
952 f f |p ric  |a Texas A&M University  |b Rellis Campus  |c Joint Library Facility  |d Remote Storage  |t 0  |e DP59 .A8 1966a  |h Library of Congress classification  |i unmediated -- volume  |m A14802013593 
998 f f |a DP59 .A8 1966a  |t 0  |l Remote Storage